Manual sobre gestión de riesgo y desastres

Bibliographic Details
Main Author: Blandón Sandino, Dayra Yessenia
Format: Section = Libro
Language:Undetermined
Spanish
Published: Esteli, Nicaragua Universidad Nacional Autónoma de Nicaragua (UNAN) 2012
Subjects:
LEADER 00721nam a2200241Ia 4500
008 240829s9999 xx 000 0 und d
020 |a 978-99924-69-27-9 
040 |a BIBLIOTECA-RUSB/ Ref 363.34 B642 
041 |a spa 
082 |a Ref 363.34 B642 
100 1 |a Blandón Sandino, Dayra Yessenia 
245 1 0 |a Manual sobre gestión de riesgo y desastres 
260 |a Esteli, Nicaragua  |b Universidad Nacional Autónoma de Nicaragua (UNAN)  |c 2012 
300 |a 64 p. :il. 
650 7 |a DESASTRES-NATURALES 
650 7 |b  AMENAZAS 
650 7 |c  RIESGO 
650 7 |d  GESTION DE RIESGO 
650 7 |e  FACTORES DE RIESGO 
650 7 |f  FENOMENOS NATURALES-ANTROPOGENICO 
942 |c BK  |2 ddc 
991 |a TEXTO 
999 |c 5882